00730nam a2200181 a 450000100060000000300090000600800410001502000150005604000280007108200160009910000140011524500500012926000320017930000110021150502390022265000470046165000400050818344CO-ViMGA141112s2004 ck r 000 u spa d a9583328499 aCO-ViMGAbspacCO-ViMGA04a636.21 F3331 aFedegan, 10aLa ganadería bovina en Colombia 2000 - 2001 aBogotá, cFedegan, c2001 a244.p. aEntorno macroeconómico Prespectiva ganadera en el ciclo Mercado del ganado bovino Costos de producción en la ganadería bovina La ganaderia de leche Credito pecuario Comercio Internacional de la carne El fondo Nacional del ganado14aGANADERIA - ASPECTOS ECONOMICOS - COLOMBIA14aGANADO VACUNO - COMERCIO - COLOMBIA